<?xml version="1.0" encoding="UTF-8"?>
<record
    xmlns:xsi="http://www.w3.org/2001/XMLSchema-instance"
    xsi:schemaLocation="http://www.loc.gov/MARC21/slim http://www.loc.gov/standards/marcxml/schema/MARC21slim.xsd"
    xmlns="http://www.loc.gov/MARC21/slim">

  <leader>02279cam a22002895a 4500</leader>
  <controlfield tag="001">17964986</controlfield>
  <controlfield tag="005">20160904155036.0</controlfield>
  <controlfield tag="006">a||||fr|||| 00| 0 </controlfield>
  <controlfield tag="008">131205t2014    nyua   frd    001 0 eng d</controlfield>
  <datafield tag="020" ind1=" " ind2=" ">
    <subfield code="a">9780071800433</subfield>
  </datafield>
  <datafield tag="020" ind1=" " ind2=" ">
    <subfield code="a">0071800433</subfield>
  </datafield>
  <datafield tag="040" ind1=" " ind2=" ">
    <subfield code="a">DLC</subfield>
    <subfield code="b">eng</subfield>
    <subfield code="c">DLC</subfield>
    <subfield code="d">DLC</subfield>
    <subfield code="d">EG-ScBUE</subfield>
  </datafield>
  <datafield tag="082" ind1="0" ind2="4">
    <subfield code="a">004.6782</subfield>
    <subfield code="b">COM</subfield>
    <subfield code="2">22</subfield>
  </datafield>
  <datafield tag="245" ind1="0" ind2="0">
    <subfield code="a">CompTIA cloud essentials certification study guide :</subfield>
    <subfield code="b">(exam CLO-001) /</subfield>
    <subfield code="c">ITpreneurs.</subfield>
  </datafield>
  <datafield tag="246" ind1="3" ind2="0">
    <subfield code="a">Cloud essentials certification study guide</subfield>
  </datafield>
  <datafield tag="260" ind1=" " ind2=" ">
    <subfield code="a">New York :</subfield>
    <subfield code="b">McGraw-Hill Education,</subfield>
    <subfield code="c">c.2012.</subfield>
  </datafield>
  <datafield tag="300" ind1=" " ind2=" ">
    <subfield code="a">xxiv, 180 p. :</subfield>
    <subfield code="b">ill. ;</subfield>
    <subfield code="c">24 cm.</subfield>
  </datafield>
  <datafield tag="500" ind1=" " ind2=" ">
    <subfield code="a">Index : p. 167-180.</subfield>
  </datafield>
  <datafield tag="500" ind1=" " ind2=" ">
    <subfield code="a">Glossary : p. 162-166.</subfield>
  </datafield>
  <datafield tag="520" ind1=" " ind2=" ">
    <subfield code="a">"Prepare for CompTIA Cloud Essentials Exam CL0-001 with McGraw-Hill--a Gold-Level CompTIA Authorized Partner offering Authorized CompTIA Approved Quality Content to give you the competitive edge on exam day.CompTIA Cloud Essentials Certification Study Guide offers the best study system for exam CL0-001. Designed for a broad audience and a variety of job roles, the CompTIA Cloud Essentials Certification is a specialty certification that aims to prove competency in the fundamental concepts and principles of cloud computing. CompTIA Cloud Essentials Certification Study Guide (Exam CL0-001) offers 100% coverage of the exam objectives woven into an integrated self-study system. The book teaches and reinforces practical skills through step-by-step exercises and special Exam Watch, Inside the Exam, and On-the-Job elements. Also included are end-of-chapter self-test questions with in-depth answer explanations. The CD-ROM includes two practice exams that mirror the actual exam in content, format, style, tone, and difficulty.  CAPP Authorized and CompTIA reviewed and approved: CAQC (CompTIA Approved Quality Content) CD-ROM features two simulated practice exams in the MasterExam test engine software and an Adobe Digital Editions free eBook download (subject to Adobe's system requirements) "--</subfield>
  </datafield>
  <datafield tag="650" ind1=" " ind2="0">
    <subfield code="a">Cloud computing</subfield>
    <subfield code="x">Examinations</subfield>
    <subfield code="v">Study guides.</subfield>
    <subfield code="2">BUEsh</subfield>
  </datafield>
  <datafield tag="650" ind1=" " ind2="0">
    <subfield code="a">Electronic data processing personnel</subfield>
    <subfield code="x">Certification.</subfield>
    <subfield code="2">BUEsh</subfield>
  </datafield>
  <datafield tag="651" ind1=" " ind2=" ">
    <subfield code="2">BUEsh</subfield>
  </datafield>
  <datafield tag="653" ind1=" " ind2=" ">
    <subfield code="b">COMSCI</subfield>
    <subfield code="c">August2015</subfield>
    <subfield code="c">December2015</subfield>
  </datafield>
  <datafield tag="710" ind1="2" ind2=" ">
    <subfield code="a">Computing Technology Industry Association.</subfield>
  </datafield>
  <datafield tag="942" ind1=" " ind2=" ">
    <subfield code="2">ddc</subfield>
  </datafield>
  <datafield tag="999" ind1=" " ind2=" ">
    <subfield code="c">20676</subfield>
    <subfield code="d">20648</subfield>
  </datafield>
  <datafield tag="952" ind1=" " ind2=" ">
    <subfield code="0">0</subfield>
    <subfield code="1">0</subfield>
    <subfield code="2">ddc</subfield>
    <subfield code="4">0</subfield>
    <subfield code="7">0</subfield>
    <subfield code="8">Baccah</subfield>
    <subfield code="a">MAIN</subfield>
    <subfield code="b">MAIN</subfield>
    <subfield code="c">LOW</subfield>
    <subfield code="d">2015-08-24</subfield>
    <subfield code="e">Purchase</subfield>
    <subfield code="g">400.00</subfield>
    <subfield code="h">21759</subfield>
    <subfield code="l">0</subfield>
    <subfield code="o">004.6782 COM</subfield>
    <subfield code="p">000039707</subfield>
    <subfield code="r">2025-07-15 00:00:00</subfield>
    <subfield code="v">500.00</subfield>
    <subfield code="y">BB</subfield>
  </datafield>
  <datafield tag="952" ind1=" " ind2=" ">
    <subfield code="0">0</subfield>
    <subfield code="1">0</subfield>
    <subfield code="2">ddc</subfield>
    <subfield code="4">0</subfield>
    <subfield code="7">0</subfield>
    <subfield code="8">Baccah</subfield>
    <subfield code="a">MAIN</subfield>
    <subfield code="b">MAIN</subfield>
    <subfield code="c">LOW</subfield>
    <subfield code="d">2015-08-24</subfield>
    <subfield code="e">Purchase</subfield>
    <subfield code="g">400.00</subfield>
    <subfield code="h">21759</subfield>
    <subfield code="l">0</subfield>
    <subfield code="o">004.6782 COM</subfield>
    <subfield code="p">000031471</subfield>
    <subfield code="r">2022-08-24 00:00:00</subfield>
    <subfield code="v">500.00</subfield>
    <subfield code="y">CDVDWBB</subfield>
  </datafield>
</record>
